Rǧimen Legal y Fiscal del Fideicomiso 2016

Detalles Bibliográficos
Autor principal: Luna Guerra, Antonio
Formato: Libro
Lenguaje:español
Publicado: Mexico Ediciones Fiscales ISEF 2016
Materias:
Acceso en línea:Acceso restringido

MARC

LEADER 00000nam a22000007a 4500
005 20160620160533.0
007 cr|||| ||u|
008 160620s2016 mx ||||| |||| 00||0 spa d
020 |a 978-607-406-803-0 
035 |a 14297 
040 |a vLex 
090 |c 6196  |d 6196 
100 1 |a Luna Guerra, Antonio  
245 1 0 |a Rǧimen Legal y Fiscal del Fideicomiso 2016  |h [Recurso electronico] /   |c Antonio Luna Guerra  
256 |a Servicio en linea 
260 |a Mexico  |b Ediciones Fiscales ISEF  |c 2016 
300 |a 1 recurso electronico 
500 |a Este libro tiene por objeto, dar a conocer el tratamiento fiscal del fideicomiso aplicable en las actividades empresariales, tanto en la LISR como en LIVA, y se menciona la afectacin̤ con la Ley del Seguro Social. Asimismo menciona el aspecto legal tratado en la Ley General de Tt̕ulos y Operaciones de Crďito, as ̕como en materia financiera. 
506 1 |a Contenido solo dispole en los productos indicados  |d vLex Global  |d vLex Global (Academic Edition, excluding Law Schools)  |d vLex Global (U.S. Academic Edition, Law Schools)  |d vLex Global (U.S. Academic Edition, excluding Law Schools)  |d vLex Global (Academic Edition, Law Schools) 
650 0 4 |a Derecho fiscal  |b Mexico 
740 0 |a vLex libros (servicio en linea)  
856 4 0 |u http://vlex.com/source/regimen-legal-y-fiscal-del-fideicomiso-2016-14297  |z Acceso restringido 
942 |c BOOK 
999 0 |a Taxation  |b Mexico